Estadísticas para Países por punto más alto

Haz click aquí para intentar la prueba.

Estadísticas generales

  • Esta prueba ha sido intentada 53 veces
  • La puntuación promedio es 11 de 15

Estadísticas de respuestas

AlturaPaísContinente% Correcto
8.848NepalAsia
100%
8.848ChinaAsia
98%
6.893ChileAmérica del Sur
91%
6.964,4ArgentinaAmérica del Sur
89%
8.611PakistánAsia
86%
8.586IndiaAsia
84%
6.768PerúAmérica del Sur
82%
6.263EcuadorAmérica del Sur
80%
6.542BoliviaAmérica del Sur
75%
6.194Estados UnidosAmérica del Norte
75%
7.570ButánAsia
73%
7.492AfganistánAsia
52%
7.495TayikistánAsia
43%
7.010KazajistánAsia
41%
7.439KirguistánAsia
41%

Distribución de puntuación

Porcentaje por número respondido

Porcentaje de gente con cada puntuación

Historial de tus puntuaciones

No has intentado esta prueba.